000 00195nam a2200073Ia 4500
008 170817s9999 xx 000 0 und d
100 _aVeer.Udai
245 0 _aInformation To School Psychology
260 _bAnmol Publications Delhi
999 _c38891
_d38891